000 00390 a2200145 4500
999 _c69
_d69
020 _a007047849x
050 _aBF 39 NUN 1994
100 _aNunnally, Jum C.
245 _aPsychometric theory /
_cJum C. Nunnally and Ira H. Bernstein
264 _aNew York
_bMcGraw- Hill
_c1994
300 _a752p.
500 _aIncludes index
650 _aPsychometrics
942 _2lcc
_cBK
_e3rd ed.
_h39
_iNUN
_kBF